00494nam a22001337a 450000500170000001000150001702000260003203700130005824501160007126000700018727000650025730000210032270000170034320251120124855.0 aENG-144998 a9788184870855c854.00 aDBAD/PUB aCycles, motives and shimura varieties :cedited by V.SrinivasbProceedings of the international colloquium on / aNew DelhibN.K. Mehra for Narosa Publishing House Pvt. Ltd.c2010 a22 Delhi Medical Association Road,Daryaganj,New Delhi-110002 a530p.c22cm.(hb) dSrinivas, V.